| 000 | 00725nam a2200205 c 4500 | ||
|---|---|---|---|
| 003 | DE-604 | ||
| 005 | 20260408145500.0 | ||
| 007 | t| | ||
| 008 | 130523s1983 xxua|||b |||| 00||1 eng d | ||
| 020 | _a9780007932269 | ||
| 040 |
_aDE-604 _bger _erakwb _cGESM |
||
| 041 | 0 | _aeng | |
| 100 | 0 |
_aSeuss _cDr. _d1904-1991 _eVerfasser _4aut |
|
| 245 | 1 | 0 | _aOn beyond Zebra |
| 300 |
_a[36] Bl. _büberw. Ill. (farb.) _c14,5/11/0,4 cm _fPaperback |
||
| 520 | _aDiscover a menagerie of crazy creatures and wacky new words when you dare to venture past the last letter of the alphabet in On Beyond Zebra! | ||
| 650 | 0 | 7 |
_aEnglisch _0(DE-588)4014777-0 _2gnd _9rswk-swf |
| 650 | 0 | 7 |
_aAlphabet _0(DE-588)4001336-4 _2gnd _9rswk-swf |
| 942 |
_2ddc _cBK _n0 |
||
| 999 |
_c20088 _d20088 |
||